| 000 | 00405nam a22001697a 4500 | ||
|---|---|---|---|
| 005 | 20161108113906.0 | ||
| 008 | 160701b xxu||||| |||| 00| 0 eng d | ||
| 020 | _a978-81-7319-428-3 | ||
| 041 | _aeng | ||
| 082 | _b20807 | ||
| 100 |
_aDubey Gopal K _93433 |
||
| 245 | _aFundamental of electrical drives | ||
| 260 |
_bnarosa _c2015 |
||
| 300 | _a384 | ||
| 650 |
_aDiploma Engineering _9817 |
||
| 942 | _cBK | ||
| 999 |
_c5133 _d5131 |
||